00313nam a22001217a 4500008004100000082001000041100001900051245004800070260002800118270002700146300001000173490000800183230821b ||||| |||| 00| 0 eng d aS-GAN aGangoli, Anand aSelected Stories of Sharat ChandrahEnglish aDelhibA.I.C.B.cRohini aA.I.C.B. Rohini, Delhi a12x13 v1-2